[Event "Goodricke op"]
[Site "Calcutta"]
[Date "1997.??.??"]
[Round "7"]
[White "Muralidharan, MB."]
[Black "Girinath, PDS."]
[Result "0-1"]
[WhiteElo "2360"]
[BlackElo "2280"]

1.e4 c5 2.Nf3 Nc6 3.d4 cxd4 4.Nxd4 Qc7 5.Nc3 e6 6.f4 a6 7.Be3 b5 8.Nb3 d6
9.Be2 Nf6 10.Bf3 Bb7 11.O-O Be7 12.a3 O-O 13.g4 Rfe8 14.g5 Nd7 15.Bg2 Bf8
16.Kh1 Rac8 17.Rf3 g6 18.Rh3 Bg7 19.Qe1 b4 20.axb4 Nxb4 21.Qf2 Qb8 22.Rd1 Ba8
23.Bd4 Bxd4 24.Nxd4 e5 25.fxe5 Rxe5 26.Rxh7 Kxh7 27.Qxf7+ Kh8 28.Qxd7 Qc7
29.Qh3+ Kg8 30.Rf1 Rce8 31.Rf6 Qh7 32.Qxh7+ Kxh7 33.Rxd6 Rxg5 34.Bf3 Rc5
35.Kg2 Rb8 36.Kg3 Nc6 37.Ne6 Re5 38.b3 Nb4 39.Kf4 Ra5 40.Ng5+ Kh6 41.h4 Rf8+
42.Kg3 Nxc2 43.Rd7 Rxg5+ 44.hxg5+ Kxg5 45.Rd6 Rb8 46.Rxa6 Rxb3 47.Rxa8 Rxc3
48.Ra5+ Kf6 49.Kf2 Nd4 50.e5+ Kf5 51.Bg2 Kf4 52.Ra1 Rc2+ 53.Kf1 Nf5 54.Ra4+ Kxe5
55.Kg1 Nd4 56.Ra8 Kf4 57.Re8 Nf5 58.Ra8 Rd2 59.Rg8 Nh4 60.Ba8 g5  0-1

[Event "Wch U14"]
[Site "Cannes"]
[Date "1997.??.??"]
[Round "2"]
[White "Kovchan, Alexander"]
[Black "Perunovic, Milos"]
[Result "1/2-1/2"]
[WhiteElo "2270"]
[BlackElo "2160"]

1.e4 c5 2.Nf3 Nc6 3.d4 cxd4 4.Nxd4 Qc7 5.Nc3 e6 6.Be3 a6 7.f3 b5 8.Qd2 Bb7
9.O-O-O Nf6 10.g4 Rc8 11.g5 Nh5 12.Ndxb5 axb5 13.Nxb5 Qd8 14.Bb6 Bb4 15.Qxb4 Nxb4
16.Nd6+ Ke7 17.Bxd8+ Rhxd8 18.Nxb7 Rxc2+ 19.Kb1 Rb8 20.Nd6 Rf2 21.Bb5 Nf4
22.Rhf1 Rxh2 23.a4 Nc6 24.Nc4 Rb7 25.Rh1 Rxh1 26.Rxh1 Nd4 27.Rxh7 Nxb5 28.axb5 Rxb5
29.Rxg7 Rc5 30.b3 Kf8 31.Rh7 Rxg5 32.Nd6 Ke7 33.Nxf7 Rg3 34.e5 Kf8 35.Nd6 Ng6
36.Rf7+ Kg8 37.Rxd7 Rxf3 38.Ka2 Nxe5 39.Re7 Nd3  1/2-1/2

[Event "Cannes op 18th"]
[Site "Cannes"]
[Date "1997.??.??"]
[Round "2"]
[White "Zelcic, Robert"]
[Black "Nadanian, Ashot"]
[Result "1-0"]
[WhiteElo "2455"]
[BlackElo "2375"]

1.e4 c5 2.Nf3 Nc6 3.d4 cxd4 4.Nxd4 Qb6 5.Nb3 Nf6 6.Nc3 e6 7.a3 Be7 8.Bd3 a6
9.O-O O-O 10.Kh1 Qc7 11.f4 d6 12.Qf3 b5 13.Bd2 Bb7 14.Qh3 b4 15.Nd1 bxa3
16.Rxa3 a5 17.Bc3 Ba6 18.Ne3 Bxd3 19.cxd3 Rfb8 20.Ng4 Nxg4 21.Qxg4 Bf8 22.f5 e5
23.Nd2 d5 24.exd5 Bxa3 25.bxa3 Nd4 26.f6 g6 27.Nc4 Qd8 28.Bxd4 exd4 29.Qxd4 Rb5
30.d6 Rab8 31.h3 Rb1 32.Rg1 Rxg1+ 33.Kxg1 Rb1+ 34.Kf2 h5 35.Qe5 Qd7 36.Kg3 Rb8
37.Kh2 a4 38.Qd5 Qd8 39.Qe5 Qd7 40.Qf4 Qd8 41.d7 Rb5 42.Nd6 Rb1 43.Qe4 Qxf6
44.Qe8+ Kg7 45.Qxf7+  1-0

[Event "Cannes op-B 18th"]
[Site "Cannes"]
[Date "1997.??.??"]
[Round "4"]
[White "Moltchanov, Roman"]
[Black "Akopyan, Harutyun"]
[Result "1-0"]
[WhiteElo "2285"]
[BlackElo "2350"]

1.e4 c5 2.Nf3 Nc6 3.d4 cxd4 4.Nxd4 Qb6 5.Nb3 Nf6 6.Nc3 e6 7.Be3 Qc7 8.Bd3 a6
9.f4 d6 10.g4 b5 11.g5 Nd7 12.Qf3 Bb7 13.O-O-O Nb4 14.Kb1 O-O-O 15.Rhe1 Nc5
16.Qf2 Kb8 17.Nxc5 dxc5 18.Bf1 Be7 19.a3 Nc6 20.e5 Nd4 21.Bxd4 cxd4 22.Ne4 Qb6
23.c3 Rd7 24.Bg2 Rhd8 25.Rd3 Qc7 26.cxd4 Qc4 27.Red1 Bd5 28.Nc3 Bxg2 29.Qxg2 Rxd4
30.Rxd4 Rxd4 31.Rxd4 Qxd4 32.Qc6 Qd3+ 33.Kc1 b4 34.axb4 Bd8 35.Ne4 Qf3 36.Qd6+ Bc7
37.Qf8+ Ka7 38.Qc5+ Kb8 39.Qf8+ Ka7 40.Qxf7 Qxe4 41.Qxc7+ Ka8 42.Qc8+ Ka7
43.Qd7+ Kb8 44.Qxe6 Qxf4+ 45.Kb1 Qxb4 46.Qg8+ Kb7 47.Qxg7+ Kc6 48.Qf6+ Kb5
49.Qf1+ Kb6 50.Qe2 Kc7 51.e6 Qe7 52.Qe5+ Kc8 53.h4 Qd8 54.Kc2 Qb6 55.e7 Qf2+
56.Kc3 Qf3+ 57.Kc4 Qf1+ 58.Kb4 a5+ 59.Kxa5  1-0

[Event "Wch U14"]
[Site "Cannes"]
[Date "1997.??.??"]
[Round "6"]
[White "Sargissian, Gabriel"]
[Black "Perunovic, Milos"]
[Result "1/2-1/2"]
[WhiteElo "2335"]
[BlackElo "2160"]

1.e4 c5 2.Nf3 Nc6 3.d4 cxd4 4.Nxd4 Qc7 5.Nc3 e6 6.Be3 a6 7.Be2 Nf6 8.O-O Bb4
9.Na4 Be7 10.Nxc6 bxc6 11.Nb6 Rb8 12.Nxc8 Qxc8 13.e5 Nd5 14.Bc1 Bc5 15.c4 Ne7
16.Kh1 Qc7 17.f4 Nf5 18.Qd3 h5 19.Qh3 g6 20.Bd3 Nh6 21.Be3 Qa7 22.Bxc5 Qxc5
23.b3 Ng4 24.Qg3 a5 25.Rae1 Kd8 26.Be2 Nh6 27.Qf2 Qxf2 28.Rxf2 Nf5 29.Bd3 Nd4
30.c5 Nf5 31.Bxf5 exf5 32.Rd1 Ke7 33.Rfd2 Rhd8 34.Rd4 Rb5 35.Rc1 Rdb8 36.Ra4 Ke6
37.g3 Kd5 38.Kg2 Ra8 39.Rd1+ Ke6 40.Rc4 Rb4 41.Rd6+ Ke7 42.Rdd4 Rb5 43.Kf3 Rh8
44.h4 Rhb8 45.Ke3 R8b7 46.Kd3 Rb8 47.Kc3 R8b7 48.Rd2 Ra7 49.a4 Rbb7 50.b4 axb4+
51.Rxb4 Rc7 52.Kb3 Ra5 53.Rc2 Rca7 54.Rcc4 Ke6 55.Rb8 Ke7 56.Rh8 Rc7 57.Rg8 Rca7
58.Rb8 Rc7 59.Rb6 Rca7 60.Rb8 Rc7 61.Rg8 Rca7 62.Rh8 Rc7 63.Rb8 Rca7 64.Rb6 Rc7
65.Rc1 Rca7 66.Rb4 Ke6 67.Rc2 Ke7 68.Rc3 Ke6 69.Rc2 Ke7 70.Rcc4 Ke6 71.Rb8 Ke7
72.Ka3 Rc7 73.Ka2 Rca7 74.Kb3 Rc7 75.Rc1 Rca7 76.Rb4 Ke6 77.Rd4 Rb7+ 78.Rb4 Rba7
79.Rcc4 Ke7 80.Kc3 Ke6 81.Kb3  1/2-1/2

[Event "Cannes op 18th"]
[Site "Cannes"]
[Date "1997.??.??"]
[Round "6"]
[White "Mantovani, Renzo"]
[Black "Borgo, Giulio"]
[Result "1/2-1/2"]
[WhiteElo "2365"]
[BlackElo "2390"]

1.e4 c5 2.Nf3 Nc6 3.d4 cxd4 4.Nxd4 Qb6 5.Nb3 Nf6 6.Nc3 e6 7.Bd3 a6 8.O-O d6
9.Kh1 Be7 10.f4 Qc7  1/2-1/2

[Event "Cappelle op"]
[Site "Cappelle la Grande"]
[Date "1997.??.??"]
[Round "1"]
[White "Agnos, Demetrios"]
[Black "Fressinet, Laurent"]
[Result "1-0"]
[WhiteElo "2495"]
[BlackElo "2320"]

1.e4 c5 2.Nf3 Nc6 3.d4 cxd4 4.Nxd4 Qc7 5.Nc3 e6 6.Be3 a6 7.Bd3 Nf6 8.O-O Ne5
9.h3 Bc5 10.Kh1 d6 11.f4 Ned7 12.Qd2 O-O 13.a4 b6 14.Nce2 Bb7 15.Ng3 d5 16.e5 Ne4
17.Bxe4 dxe4 18.c3 Rfd8 19.Qe2 Bf8 20.Qg4 Nc5 21.Nh5 Kh8 22.f5 Bd5 23.Bg5 Re8
24.Nf6 Qxe5 25.Qh4 h6 26.Ng4 Qd6 27.Nxh6 gxh6 28.Bxh6 Kg8 29.f6 Nd3 30.Qg5+ Kh7
31.Bg7  1-0

[Event "Cappelle op"]
[Site "Cappelle la Grande"]
[Date "1997.??.??"]
[Round "4"]
[White "Luther, Thomas"]
[Black "Lukov, Valentin"]
[Result "1/2-1/2"]
[WhiteElo "2520"]
[BlackElo "2470"]

1.e4 c5 2.Nf3 Nc6 3.d4 cxd4 4.Nxd4 Qc7 5.Nc3 e6 6.g3 a6 7.Bg2 d6 8.O-O Bd7
9.Re1 Be7 10.Nxc6 bxc6 11.Na4 Rd8 12.Qe2 Bc8 13.e5 c5 14.exd6 Bxd6 15.Qg4 Kf8
16.Be3 Bd7 17.Rad1 Nf6 18.Qh4 Be7 19.Nc3 Qb8 20.Qc4 Qxb2 21.Bxc5 Rc8 22.Bxe7+ Kxe7
23.Nd5+ Nxd5 24.Qxd5 Rhd8 25.c3 Qxc3 26.Qd6+ Ke8 27.Qxa6 Qc4 28.Qa3 Qc3 29.Qa6 Qc4
30.Qa3 Qc3 31.Qa7 Qc5 32.Qb7 Ba4  1/2-1/2

[Event "Cherkessk"]
[Site "Cherkessk"]
[Date "1997.??.??"]
[Round "2"]
[White "Berelovich, Aleksandar"]
[Black "Beshukov, Sergei"]
[Result "1-0"]
[WhiteElo "2495"]
[BlackElo "2435"]

1.e4 c5 2.Nf3 Nc6 3.d4 cxd4 4.Nxd4 Qc7 5.Nc3 e6 6.Be2 a6 7.f4 b5 8.Nxc6 Qxc6
9.Bf3 Bb7 10.Be3 Qc4 11.Qd4 Qxd4 12.Bxd4 Rc8 13.O-O-O Ne7 14.Rhe1 d6 15.Kb1 Nc6
16.Bb6 Be7 17.Re2 Nb8 18.a4 bxa4 19.Nxa4 Bc6 20.Nc3 Nd7 21.Ba5 Nc5 22.Re3 O-O
23.Nd5 Rfe8 24.Nxe7+ Rxe7 25.Bb4 Rd7 26.Rc3 Nb7 27.Ba3 a5 28.b3 h6 29.Kb2 f6
30.e5 d5 31.f5 Nd8 32.fxe6 Nxe6 33.exf6 gxf6 34.Bg4 Kf7 35.Re1  1-0

[Event "Cherkessk"]
[Site "Cherkessk"]
[Date "1997.??.??"]
[Round "2"]
[White "Maiorov, Oleg"]
[Black "Poluljahov, Aleksandr"]
[Result "1/2-1/2"]
[WhiteElo "2435"]
[BlackElo "2510"]

1.e4 c5 2.Nf3 Nc6 3.d4 cxd4 4.Nxd4 Qc7 5.Nc3 e6 6.Be3 a6 7.Be2 Nf6 8.O-O Bb4
9.Nxc6 bxc6 10.Qd4 c5 11.Qc4 Bb7 12.Bf3 Qe5 13.Na4 Nxe4 14.Bxe4 Qxe4 15.Qxe4 Bxe4
16.c3 Ba5 17.Nxc5 Bc6 18.b4 Bb6 19.Rfd1 f6 20.a4 Ke7 21.Re1 Bxc5 22.Bxc5+  1/2-1/2

[Event "Cherkessk"]
[Site "Cherkessk"]
[Date "1997.??.??"]
[Round "10"]
[White "Lobzhanidze, Davit"]
[Black "Beshukov, Sergei"]
[Result "1/2-1/2"]
[WhiteElo "2375"]
[BlackElo "2435"]

1.e4 c5 2.Nf3 Nc6 3.d4 cxd4 4.Nxd4 Qc7 5.Nc3 e6 6.g3 a6 7.Bg2 d6 8.O-O Bd7
9.a4 Nf6 10.Nb3 Na5 11.Nxa5 Qxa5 12.Bd2 Qc7 13.a5 Rc8 14.Na4 Qxc2 15.Nb6 Qxd1
16.Rfxd1 Rc7 17.Rac1 Rxc1 18.Rxc1 Bc6 19.e5 Nd5 20.exd6 Nxb6 21.Bxc6+ bxc6
22.Rxc6 Nd5 23.Rxa6 Kd7 24.Ra8 g5 25.a6 Bg7 26.Ra7+ Kxd6 27.Rxf7 Bxb2 28.a7 Bd4
29.Rxh7 Ra8 30.Bxg5 Rxa7 31.Rxa7 Bxa7 32.Kg2 e5 33.f3 Be3 34.Bxe3 Nxe3+ 35.Kf2 Nd5
36.h4 Kc5 37.g4 Kd4 38.g5 e4 39.fxe4 Kxe4  1/2-1/2

[Event "Capablanca mem mixed"]
[Site "Cienfuegos"]
[Date "1997.??.??"]
[Round "10"]
[White "Delgado Crespo, Mairelys"]
[Black "Larduet, Carlos"]
[Result "1-0"]
[WhiteElo "2210"]
[BlackElo "2310"]

1.e4 c5 2.Nf3 Nc6 3.d4 cxd4 4.Nxd4 Qb6 5.Nb3 Nf6 6.Nc3 e6 7.Be3 Qc7 8.Bd3 d6
9.O-O Be7 10.f4 a6 11.Qf3 O-O 12.g4 Re8 13.g5 Nd7 14.Qh5 Nb4 15.Rf3 g6 16.Qh6 Bf8
17.Qh4 Bg7 18.Raf1 Nxd3 19.cxd3 f5 20.gxf6 Bxf6 21.Qh6 Bg7 22.Qh4 Nf8 23.f5 exf5
24.Nd5 Qf7 25.Nb6 Rb8 26.Nxc8 Rbxc8 27.exf5 gxf5 28.Rxf5 Qe6 29.Bd4 Ng6 30.Qg4 Rc7
31.Kh1 Rce7 32.Bc3 Qe2 33.Qc4+ Qe6 34.Qxe6+ Rxe6 35.Bxg7 Kxg7 36.Rf7+ Kg8
37.Rxb7 Re3 38.Nd4 Rxd3 39.Nf5  1-0

[Event "Capablanca 32th Premier-B"]
[Site "Cienfuegos"]
[Date "1997.??.??"]
[Round "11"]
[White "Pupo, Emilio"]
[Black "Bellon Lopez, Juan Manuel"]
[Result "1-0"]
[WhiteElo "2410"]
[BlackElo "2465"]

1.e4 c5 2.Nf3 Nc6 3.d4 cxd4 4.Nxd4 Qb6 5.Nb3 Nf6 6.Nc3 e6 7.Bd3 a6 8.Be3 Qc7
9.f4 d6 10.Qf3 Be7 11.O-O-O Nd7 12.Kb1 b5 13.g4 Bb7 14.g5 b4 15.Ne2 e5 16.f5 Bf8
17.Ng3 a5 18.Nc1 a4 19.Rd2 Na5 20.b3 Ba6 21.Bxa6 Rxa6 22.Nd3 axb3 23.cxb3 Nxb3
24.Rb2 Nbc5 25.Nxb4 Ra3 26.Rc1 Nb6 27.Qe2 Be7 28.Qb5+ Qd7 29.Qxb6 Rxe3 30.Nd5 Bd8
31.Qb8 Rxg3 32.hxg3 O-O 33.Rc4 Ba5 34.Qb5 Qa7 35.Rc1 Nxe4 36.f6 Bd8 37.Qb4 Nxg5
38.Qxd6 gxf6 39.Nxf6+ Bxf6 40.Qxf6 Qe3 41.Qc6 Qxg3 42.a4 Qd3+ 43.Ka2 Rd8
44.Rc3 Qf1 45.a5 Rd1 46.Qe8+ Kg7 47.Qxe5+ f6 48.Qe7+ Kh6 49.Qf8+ Kg6 50.Qe8+ Nf7
51.Qg8+ Kf5 52.Qxh7+ Ke5 53.Re3+ Kd6 54.Rb6+  1-0

[Event "CZE-chT1b 9697"]
[Site "CZE"]
[Date "1997.??.??"]
[Round "?"]
[White "Efler, David"]
[Black "Svoboda, Zdenek"]
[Result "1-0"]
[WhiteElo "2250"]
[BlackElo "2185"]

1.e4 c5 2.Nf3 Nc6 3.d4 cxd4 4.Nxd4 Qb6 5.Nb5 Nf6 6.N1c3 a6 7.Na3 d6 8.Nc4 Qd4
9.Bd3 Bg4 10.f3 Nxe4 11.Nxe4 Be6 12.Be3 Qd5 13.Nb6 Qa5+ 14.c3 Rd8 15.b4 Qe5
16.f4 Qf5 17.O-O h5 18.Qc2 Qg4 19.f5 Bxf5 20.Rxf5 d5 21.Nf2 Qh4 22.Bg5  1-0

[Event "CZE-chT1a 9697"]
[Site "CZE"]
[Date "1997.??.??"]
[Round "?"]
[White "Horak, Michal"]
[Black "Bakalar, Petr"]
[Result "1-0"]
[WhiteElo "2325"]
[BlackElo "2340"]

1.e4 c5 2.Nf3 Nc6 3.d4 cxd4 4.Nxd4 Qb6 5.Nb3 Nf6 6.Nc3 e6 7.Be3 Qc7 8.a3 a6
9.f4 d6 10.Be2 b5 11.O-O Bb7 12.Bf3 Be7 13.Qe2 Nd7 14.Rae1 Nb6 15.Kh1 Nc4
16.Nd5 exd5 17.exd5 N6e5 18.fxe5 dxe5 19.Be4 Nd6 20.Bc5 Nxe4 21.Qxe4 f6 22.Bxe7 Qxe7
23.Nd4 O-O-O 24.Nf5 Qd7 25.c4 bxc4 26.Qxc4+ Kb8 27.Rd1 Bxd5 28.Qxa6 Qb7 29.Qe2 Rd7
30.Ne3 Rhd8 31.Nxd5 Rxd5 32.Rxd5 Qxd5 33.h3 Qd3 34.Qf2 Qd4 35.Qe1 e4 36.Qg3+ Ka8
37.Qxg7 e3  1-0

[Event "CZE-chT1a 9697"]
[Site "CZE"]
[Date "1997.??.??"]
[Round "?"]
[White "Trapl, Jindrich"]
[Black "Bakalar, Petr"]
[Result "1-0"]
[WhiteElo "2345"]
[BlackElo "2340"]

1.e4 c5 2.Nf3 Nc6 3.d4 cxd4 4.Nxd4 Qb6 5.Nb3 Nf6 6.Nc3 e6 7.Bd3 a6 8.O-O d6
9.a4 Na5 10.Be3 Qc7 11.Nxa5 Qxa5 12.f4 Be7 13.Qe1 Ng4 14.Bd2 Qc5+ 15.Kh1 b6
16.h3 Nf6 17.b4 Qc7 18.e5 dxe5 19.fxe5 Nd7 20.Be4 Bb7 21.Bxb7 Qxb7 22.Qg3 g5
23.Rae1 Rc8 24.Ne4 h6 25.Qf3 Kd8 26.Qxf7 Rf8 27.Qh7 Qd5 28.Rxf8+ Nxf8 29.Qxh6 Rxc2
30.Bxg5  1-0

[Event "CZE-chT 9697"]
[Site "CZE"]
[Date "1997.??.??"]
[Round "1"]
[White "Mokry, Karel"]
[Black "Vokac, Marek"]
[Result "1/2-1/2"]
[WhiteElo "2500"]
[BlackElo "2485"]

1.e4 c5 2.Nf3 Nc6 3.d4 cxd4 4.Nxd4 Qb6 5.Nb3 Nf6 6.Nc3 e6 7.Be2 Be7 8.Bf4 O-O
9.Bd6 Bxd6 10.Qxd6 Ne8 11.Qc5 Qxc5 12.Nxc5 d6 13.Nb3 f5 14.exf5 Rxf5 15.O-O d5
16.Rfe1 Nc7 17.Rad1 Rf6 18.Bf1 b6 19.g3 Bd7 20.Bg2 Raf8 21.Rd2 Be8 22.Nd1 a5
23.f4 Nb5 24.Ne3 a4 25.Nc1 Nd6 26.b3 Nf7 27.Nd3 axb3 28.axb3 h5 29.c4 dxc4
30.Nxc4 Nd4 31.Nc1 Nf5 32.Nxb6 h4 33.g4 Ne7 34.Nd7 Bxd7 35.Rxd7 Ng6 36.Nd3 Nxf4
37.Nxf4 Rxf4 38.Rxe6 Rxg4 39.Re4 Rxe4 40.Bxe4 Ng5 41.Bd5+ Kh7 42.Kg2 Kg6
43.Bc4 Rf4 44.Rd6+  1/2-1/2

[Event "Dhaka"]
[Site "Dhaka"]
[Date "1997.??.??"]
[Round "1"]
[White "Kaiumov, Dmitry D"]
[Black "Rahman, Ziaur"]
[Result "0-1"]
[WhiteElo "2450"]
[BlackElo "2480"]

1.e4 c5 2.Nf3 Nc6 3.d4 cxd4 4.Nxd4 Qc7 5.Nb5 Qb8 6.c4 Nf6 7.N5c3 b6 8.Be2 Bb7
9.O-O e6 10.f4 Bc5+ 11.Kh1 e5 12.a3 O-O 13.f5 Nd4 14.Bd3 h6 15.Nd2 Rc8 16.Nd5 Bxd5
17.exd5 Be7 18.b3 b5 19.a4 e4 20.Bxe4 bxc4 21.d6 Nxb3 22.Rb1 Qxd6 23.Bxa8 Nxd2
24.Bxd2 Rxa8 25.Qe2 Bf8 26.Bc3 Nd5 27.Rbc1 Rc8 28.Bd4 Nf4 29.Qe4 Nd3 30.Rcd1 Qa6
31.Qg4 f6 32.Qe2 Qxa4 33.Ra1 Qc6 34.Rxa7 Qd5 35.Bc3 Bc5 36.Raa1 Qf7 37.h3 Re8
38.Qf3 Kh7 39.Ra2 Re3 40.Qg4 d5 41.Re2 h5 42.Qg6+ Qxg6 43.fxg6+ Kxg6 44.Rc2 Re4
45.Ba5 Bd6 46.Kg1 h4 47.Bb6 Kf7 48.Rd1 Ke6 49.Kf1 Kd7 50.Ba7 f5 51.Bb6 Ke6
52.Ba7 g5 53.Bb6 g4 54.Ba7 Nf4 55.hxg4 fxg4 56.Bf2 h3 57.gxh3 gxh3 58.Bg1 Be5
59.Ra2 c3 60.Bh2 Ng2 61.Ra6+ Kf5 62.Bg1 d4 63.Ra2 Ne3+ 64.Bxe3 Rxe3  0-1

[Event "Dhaka"]
[Site "Dhaka"]
[Date "1997.??.??"]
[Round "3"]
[White "Kaiumov, Dmitry D"]
[Black "Murshed, Niaz"]
[Result "0-1"]
[WhiteElo "2450"]
[BlackElo "2505"]

1.e4 c5 2.Nf3 Nc6 3.d4 cxd4 4.Nxd4 Qc7 5.Nc3 e6 6.Be2 a6 7.O-O Nf6 8.Kh1 Bb4
9.Nxc6 bxc6 10.f4 d5 11.e5 Bxc3 12.bxc3 Ne4 13.Qe1 O-O 14.Ba3 c5 15.c4 f5
16.exf6 Rxf6 17.cxd5 exd5 18.c4 Rxf4 19.cxd5 Rxf1+ 20.Bxf1 Qf4 21.Kg1 Bd7
22.Rd1 Bb5 23.Bd3 Bxd3 24.Rxd3 Rb8 25.Re3 Rb1 26.Bc1 Nf6 27.Kh1 Qc4 28.Rc3 Qxd5
29.h3 h6 30.Qe3 Ne4 31.Rb3 Rxb3 32.axb3 Qd4 33.Qf3 c4 34.bxc4 Qxc4 35.Ba3 Qd5
36.Bb2 a5 37.Qe3 Kh7 38.Qa7 Ng3+ 39.Kg1 Nf5 40.Bc3 Qd1+ 41.Kh2 Qd6+ 42.Kg1 Qd1+
43.Kh2 a4 44.Be5 Qc2 45.Kh1 Qe4 46.Bc3 h5 47.Qf7 h4 48.Qh5+ Kg8 49.Qg5 a3
50.Qd8+ Kh7 51.Qc7 Qd5 52.Qa7 a2 53.Kg1 Qd1+ 54.Kh2 Qd6+ 55.Kg1 Qe6 56.Kh2 Kg6
57.Bb2 Qb3 58.Qa6+ Kh7 59.Qa5 Qg3+ 60.Kh1 Qf4 61.Qa7 Ng3+ 62.Kh2 Nf1+ 63.Kg1 Qe3+  0-1

[Event "Dhaka"]
[Site "Dhaka"]
[Date "1997.??.??"]
[Round "5"]
[White "Prasad, Devaki V"]
[Black "Rahman, Ziaur"]
[Result "1-0"]
[WhiteElo "2450"]
[BlackElo "2480"]

1.e4 c5 2.Nf3 Nc6 3.d4 cxd4 4.Nxd4 Qc7 5.Nb5 Qb8 6.Bd3 a6 7.N5c3 e6 8.Be3 b5
9.f4 Nf6 10.e5 b4 11.exf6 bxc3 12.Nxc3 gxf6 13.O-O Bb7 14.Ne4 Be7 15.Qh5 d5
16.Ng3 Nb4 17.a3 Nxd3 18.cxd3 d4 19.Bxd4 Qd6 20.Bc3 Rg8 21.Rae1 f5 22.Rf2 Qb6
23.Qxh7 Rg4 24.d4 Qc6 25.d5 Qxd5 26.Rd2 Qc5+ 27.Kh1 Rxf4 28.Qh8+ Bf8 29.Nh5 Bxg2+
30.Rxg2 Rc4 31.Bb4 Rxb4 32.axb4  1-0

[Event "Dhaka"]
[Site "Dhaka"]
[Date "1997.??.??"]
[Round "6"]
[White "Hasan, Kayes"]
[Black "Reefat bin Satter"]
[Result "0-1"]
[WhiteElo "2255"]
[BlackElo "2410"]

1.e4 c5 2.Nf3 Nc6 3.d4 cxd4 4.Nxd4 Qc7 5.Nc3 e6 6.Be2 a6 7.O-O Nf6 8.Be3 Bb4
9.Na4 Be7 10.c4 Nxe4 11.f4 d6 12.Nb3 O-O 13.Bd3 Nc5 14.Naxc5 dxc5 15.Qh5 g6
16.Qe2 b6 17.Rad1 Bb7 18.Nd2 f5 19.Nb1 Bf6 20.Nc3 Rfe8 21.Kh1 Nd4 22.Qf2 Bc6
23.Rde1 Rad8 24.Qg3 Kh8 25.Bb1 Qg7 26.Qh3 b5 27.cxb5 axb5 28.Ne2 Nxe2 29.Rxe2 c4
30.Bb6 Rb8 31.Qe3 Kg8 32.Qc5 Qb7 33.Ba5 b4 34.Bxb4 Be7  0-1

[Event "Dhaka"]
[Site "Dhaka"]
[Date "1997.??.??"]
[Round "7"]
[White "Prasad, Devaki V"]
[Black "Murshed, Niaz"]
[Result "1/2-1/2"]
[WhiteElo "2450"]
[BlackElo "2505"]

1.e4 c5 2.Nf3 Nc6 3.d4 cxd4 4.Nxd4 Qc7 5.Nb5 Qb8 6.Bd3 Nf6 7.O-O d6 8.f4 a6
9.N5c3 g6 10.Kh1 Bg7 11.Be3 b5 12.Nd2 Bb7 13.Qe1 Qc7 14.Qh4 h6 15.Rae1 e5
16.a4 exf4 17.Qxf4 bxa4 18.Nd5 Nxd5 19.exd5 Ne5 20.Qxa4+ Qd7 21.Qxd7+ Kxd7
22.Nc4 Bxd5 23.Nb6+ Kc6 24.Nxa8 Nxd3 25.cxd3 Rxa8 26.Rc1+ Kd7  1/2-1/2

[Event "Dhaka"]
[Site "Dhaka"]
[Date "1997.??.??"]
[Round "8"]
[White "Thipsay, Praveen Mahadeo"]
[Black "Reefat bin Satter"]
[Result "1-0"]
[WhiteElo "2460"]
[BlackElo "2410"]

1.e4 c5 2.Nf3 Nc6 3.d4 cxd4 4.Nxd4 Qc7 5.Nb5 Qb8 6.Bd3 a6 7.N5c3 b5 8.f4 e6
9.Be3 Bb7 10.O-O d6 11.Nd2 Nf6 12.Kh1 Be7 13.a4 b4 14.Ne2 O-O  1-0

[Event "Dhaka"]
[Site "Dhaka"]
[Date "1997.??.??"]
[Round "10"]
[White "Malisauskas, Vidmantas"]
[Black "Rahman, Ziaur"]
[Result "1-0"]
[WhiteElo "2530"]
[BlackElo "2480"]

1.e4 c5 2.Nf3 Nc6 3.d4 cxd4 4.Nxd4 Qc7 5.Nc3 e6 6.g3 a6 7.Bg2 Nf6 8.Nb3 Be7
9.f4 d6 10.Be3 Bd7 11.O-O b5 12.a3 Rc8 13.Kh1 Qb8 14.Qe2 b4 15.axb4 Nxb4
16.Nd4 O-O 17.g4 g6 18.g5 Nh5 19.f5 Nc6 20.Nxc6 Rxc6 21.f6 Bd8 22.Rab1 Bb6
23.Bd2 Bd4 24.Bf3 Bxc3 25.bxc3 Rb6 26.Rbe1 Rc8 27.Rg1 Bb5 28.Qd1 Rc4 29.Bxh5 gxh5
30.Qxh5 Qe8 31.Rg4 Kh8 32.Qh6 Qg8 33.g6 fxg6 34.f7 Qxf7 35.Rf4 Rb7 36.Ref1 Rcc7
37.Rxf7 Rxf7 38.Rxf7 Rxf7 39.Qh4 h5 40.Qd8+ Kh7 41.Qxd6 Rd7 42.Qf4 Kg7 43.c4 Bxc4
44.Qh6+ Kf6 45.Qf8+  1-0

[Event "Dresden op"]
[Site "Dresden"]
[Date "1997.??.??"]
[Round "9"]
[White "Enzmann, Steffen"]
[Black "Salov, Sergei"]
[Result "0-1"]
[WhiteElo "2130"]
[BlackElo "2275"]

1.e4 c5 2.Nf3 Nc6 3.d4 cxd4 4.Nxd4 Qc7 5.Nc3 e6 6.g3 a6 7.Bg2 d6 8.O-O Bd7
9.a4 Nf6 10.f4 Nxd4 11.Qxd4 d5 12.Be3 dxe4 13.Nxe4 Nxe4 14.Bxe4 Bc6 15.Rad1 Rc8
16.f5 Bc5 17.Qxc5 Bxe4 18.fxe6 fxe6 19.Qh5+ Bg6 20.Qg4 Qc6 21.Bd4 Rf8 22.Bxg7 Rxf1+
23.Rxf1 Qe4 24.Qg5 Rxc2 25.Rf8+ Kd7 26.Rd8+ Kc6 27.Rc8+ Kb6 28.Qd8+  0-1

[Event "RUS-Cup5"]
[Site "Ekaterinburg"]
[Date "1997.??.??"]
[Round "1"]
[White "Ibragimov, A."]
[Black "Yandemirov, Valeri"]
[Result "1-0"]
[WhiteElo "2250"]
[BlackElo "2500"]

1.e4 c5 2.Nf3 Nc6 3.d4 cxd4 4.Nxd4 Qc7 5.Nc3 e6 6.a3 a6 7.Be2 Nf6 8.Be3 Be7
9.O-O O-O 10.Kh1 Rd8 11.f4 d6 12.Qe1 Bd7 13.Qg3 b5 14.e5 Ne8 15.Ne4 Rac8
16.Bd3 g6 17.Nf3 dxe5 18.fxe5 Ng7 19.Bg5 Nh5 20.Qh4 Bxg5 21.Qxg5 f5 22.exf6 Qf4
23.g4 e5 24.gxh5 Bf5 25.f7+ Kf8 26.hxg6 hxg6 27.Qxf4 exf4 28.Rae1 Na5 29.Neg5 Rd6
30.Ne5 Kg7 31.Rxf4 Nc4 32.Nxc4 bxc4 33.Bxf5 gxf5  1-0

[Event "RUS-Cup5"]
[Site "Ekaterinburg"]
[Date "1997.??.??"]
[Round "4"]
[White "Vokarev, Sergey"]
[Black "Beshukov, Sergei"]
[Result "1/2-1/2"]
[WhiteElo "2530"]
[BlackElo "2435"]

1.e4 c5 2.Nf3 Nc6 3.d4 cxd4 4.Nxd4 Qc7 5.Nc3 e6 6.f4 a6 7.Nxc6 Qxc6 8.Be2 b5
9.Bf3 Bb7 10.Qd3 Rc8 11.a3 Qc4 12.Bd2 Nf6 13.O-O-O d5 14.Qxc4 dxc4 15.Rhf1 Nd7
16.e5 Bxf3 17.Rxf3 Nc5 18.Be3 Rd8 19.Rxd8+ Kxd8 20.Bxc5 Bxc5 21.a4 bxa4 22.Nxa4 Bd4
23.Nc3 Kc7 24.Ne4 Rb8 25.c3 Bg1 26.h4 Kc6 27.Nd6 Kd5 28.Nxf7 Rf8 29.Ng5 Rxf4
30.Rxf4 Be3+ 31.Kc2 Bxf4 32.Nxh7 Bg3 33.h5 Kxe5 34.Ng5 Kd5 35.Nf7 e5 36.h6 gxh6
37.Nxh6 a5 38.Ng4 Ke4 39.Nf6+ Ke3 40.Nd5+ Kf2  1/2-1/2

[Event "RUS-Cup5"]
[Site "Ekaterinburg"]
[Date "1997.??.??"]
[Round "6"]
[White "Pridorozhni, Aleksei"]
[Black "Beshukov, Sergei"]
[Result "1/2-1/2"]
[WhiteElo "2235"]
[BlackElo "2435"]

1.e4 c5 2.Nf3 Nc6 3.d4 cxd4 4.Nxd4 Qc7 5.Be3 e6 6.Nc3 a6 7.Be2 Nf6 8.O-O Bb4
9.f3 O-O 10.Nb3 d5 11.exd5 Rd8 12.Bg5 Bxc3 13.bxc3 Rxd5 14.Qc1 Qe5 15.c4 Rd8
16.Re1 h6 17.Bf4 Qh5 18.g4 Qh4 19.Bg3 Qg5 20.Bf4  1/2-1/2

[Event "Momotov mem"]
[Site "Enakievo"]
[Date "1997.??.??"]
[Round "?"]
[White "Gurevich, Vladimir"]
[Black "Dumitrache, Dragos"]
[Result "1/2-1/2"]
[WhiteElo "2430"]
[BlackElo "2495"]

1.e4 c5 2.Nf3 Nc6 3.d4 cxd4 4.Nxd4 Qc7 5.Nc3 e6 6.g3 a6 7.Bg2 Nf6 8.O-O Bc5
9.Nxc6 dxc6 10.Na4 Ba7 11.c4 e5 12.c5 Be6 13.Qc2 Rd8 14.b3 O-O 15.Bb2 Bb8
16.b4 Qd7 17.Rad1 Qe7 18.a3 Rxd1 19.Rxd1 Rd8 20.Rd3  1/2-1/2

[Event "Faro op"]
[Site "Faro"]
[Date "1997.??.??"]
[Round "5"]
[White "Rivera, Daniel"]
[Black "Lukov, Valentin"]
[Result "1/2-1/2"]
[WhiteElo "2370"]
[BlackElo "2475"]

1.e4 c5 2.Nf3 Nc6 3.d4 cxd4 4.Nxd4 Qc7 5.Nc3 e6 6.Be2 a6 7.O-O Nf6 8.Kh1 Be7
9.Be3 d6 10.f4 O-O 11.a4 Re8 12.Bf3 Rb8 13.g4 Nxd4 14.Bxd4 e5 15.fxe5 dxe5
16.Ba7 Ra8 17.g5 Rd8 18.Qe2 Ne8 19.Be3 Be6 20.Qf2 Rdc8 21.Rad1 Bc5 22.Bxc5 Qxc5
23.Nd5 Bxd5 24.Rxd5 Qxc2 25.Rxe5 Qxf2 26.Rxf2 Rc1+ 27.Kg2 Rd8 28.Bg4 Rc7
29.h4 Kf8 30.Be6 Nd6 31.Bb3 Nc4 32.Bxc4 Rxc4 33.a5 Re8 34.Rxe8+ Kxe8 35.Kf3 Rc5
36.b4 Rb5 37.Rb2 h6 38.gxh6 gxh6 39.Kf4 Ke7 40.Rb3 Ke6 41.Rb2 f5 42.Rb3 fxe4
43.Kxe4 Rh5 44.Rh3 Kd6 45.Kd4 Kc6 46.Kc4 b6 47.axb6 Kxb6 48.Kb3 Kb5 49.Rf3 Rxh4
50.Rf5+ Kc6 51.Rf6+ Kb7 52.Rf7+  1/2-1/2

[Event "FIN-chT 9697"]
[Site "FIN"]
[Date "1997.??.??"]
[Round "6.3"]
[White "Kokkila, Tero"]
[Black "Hakulinen, Esko Matti"]
[Result "1-0"]
[WhiteElo "2210"]
[BlackElo "2340"]

1.e4 c5 2.Nf3 Nc6 3.d4 cxd4 4.Nxd4 Qc7 5.Nb5 Qb8 6.c4 e6 7.Be2 Nf6 8.N5c3 b6
9.O-O Bc5 10.a3 Nd4 11.b4 Nxe2+ 12.Qxe2 Bd4 13.Ra2 Ba6 14.Qd3 Ng4 15.Qh3 h5
16.b5 Bb7 17.Ne2 Be5 18.f3 Nf6 19.Nd2 Qc7 20.Rc2 Qd6 21.f4 Qc5+ 22.Kh1 Nxe4
23.fxe5 Nf2+ 24.Rxf2 Qxf2 25.Nf3 Rc8 26.Qg3 Qxg3 27.hxg3 f6 28.Bb2 Rh6 29.Kg1 Ke7
30.Kf2 Rg6 31.Nf4 Rh6 32.a4 h4  1-0

[Event "FRA-chT9697 groupe B"]
[Site "France"]
[Date "1997.??.??"]
[Round "2"]
[White "David, Alberto"]
[Black "Knezevic, Bojan"]
[Result "0-1"]
[WhiteElo "2455"]
[BlackElo "2390"]

1.e4 c5 2.Nf3 Nc6 3.d4 cxd4 4.Nxd4 Qb6 5.Nb3 Nf6 6.Nc3 e6 7.Be3 Qc7 8.f4 d6
9.g4 a6 10.g5 Nd7 11.Qf3 b5 12.Bd3 Be7 13.O-O O-O 14.Qh5 g6 15.Qh4 Re8 16.Rf3 h5
17.Ne2 Bf8 18.Ng3 Bg7 19.Nxh5 gxh5 20.Qxh5 Nf8 21.c3 Re7 22.Rg3 Bb7 23.Rf1 Rae8
24.Nd2 d5 25.e5 Rd7 26.Nf3 d4 27.cxd4 Nb4 28.Bb1 Nd5 29.Bd2 Qb6 30.Qg4 Ng6
31.h4 Ndxf4 32.Bxf4 Rxd4 33.Nxd4 Qxd4+ 34.Be3 Qxg4 35.Rxg4 Nxe5 36.Rgf4 Nc4
37.Bd4 e5 38.Rxf7 Bd5 39.Rxg7+ Kxg7 40.Bc3 b4 41.Bxb4 Nxb2 42.Bc3 Nc4 43.Rd1 Be6
44.Be4 Rh8 45.Be1 Rf8 46.Bg3 Bf5 47.Bb7 Bg4 48.Rc1 Nd2 49.Bxe5+ Kg6 50.Rc6+ Kf5
51.Bc7 Nf3+ 52.Kf2 Rf7 53.Bc8+ Ke4 54.Bxg4 Ne5+ 55.Rf6  0-1